000 00877nam a2200265Ia 4500
003 GCL
008 140319s9999 xx 000 0 ara d
040 _aGCL /
_cGCL
082 0 4 _a573
_bج ت
100 1 _aاحمد مستجير
245 1 0 _aالتطور الحضارى للانسان (ارتقاء الانسان) /
_cاحمد مستجير
700 1 _aجاكوب بروتوفسكى
260 _a[S.N] :
_bالهيئة المصرية العامة للكتاب ،
_c1987
300 _a358 ص
490 _aالالف كتاب
_v0
650 0 4 _aالانسان
650 0 4 _aالاجتماع
650 0 4 _aالبيئة والانسان
650 0 4 _aالانثربولوجيا
650 0 4 _aالتطور الاجتماعى
650 0 4 _aالخلق
650 0 4 _aالانثربولوجيا الفيزيائية
650 0 4 _aالاجناس
942 _2ddc
_cBK
999 _c27787
_d27787